Catálogo

Itinerarios culturales del Barroco en México : (Registro nro. 32186)

Detalles MARC
000 -LEADER
fixed length control field 01780cam a2200409 i 4500
001 - CONTROL NUMBER
control field 32186
003 - CONTROL NUMBER IDENTIFIER
control field Mx-PuUPA
005 - DATE AND TIME OF LATEST TRANSACTION
control field 20250326151043.0
008 - FIXED-LENGTH DATA ELEMENTS--GENERAL INFORMATION
fixed length control field 140415s2010 mx ao gr 001 0 spa d
020 ## - INTERNATIONAL STANDARD BOOK NUMBER
International Standard Book Number 9786079390228
040 ## - CATALOGING SOURCE
Transcribing agency Mx-PuUPA
Original cataloging agency Mx-PuUPA
Language of cataloging spa
Modifying agency Mx-PuUPA
Description conventions rda
041 0# - LANGUAGE CODE
Language code of text/sound track or separate title spa
043 ## - GEOGRAPHIC AREA CODE
Geographic area code n-mx----
100 1# - MAIN ENTRY--PERSONAL NAME
Personal name Terán Bonilla, José Antonio,
Relator term coordinador
9 (RLIN) 4204
245 10 - TITLE STATEMENT
Title Itinerarios culturales del Barroco en México :
Remainder of title región Puebla, Tlaxcala y Veracruz /
Statement of responsibility, etc. José Antonio Terán Bonilla, coordinador ; Abraham Broca Castillo, Juan Manuel Márquez Murad, Verónica Lorena Orozco, Celia Salazar Exaire, Luz de Lourdes Velázquez Thierry, colaboradores
250 ## - EDITION STATEMENT
Edition statement Primera edición /
Remainder of edition statement enero
264 #1 - PRODUCTION, PUBLICATION, DISTRIBUTION, MANUFACTURE, AND COPYRIGHT NOTICE
Place of production, publication, distribution, manufacture Puebla, Puebla :
Name of producer, publisher, distributor, manufacturer Gobierno del Estado de Puebla,
Date of production, publication, distribution, manufacture, or copyright notice 2020
300 ## - PHYSICAL DESCRIPTION
Extent 347 páginas :
Other physical details ilustraciones, fotografías (principalmente a color) ;
Dimensions 27 cm
336 ## - CONTENT TYPE
Fuente rdacontent
Content type term texto
Content type code txt
337 ## - MEDIA TYPE
Source rdamedia
Media type term sin medio
Media type code n
338 ## - CARRIER TYPE
Source rdacarrier
Carrier type term volumen
Carrier type code nc
650 #7 - SUBJECT ADDED ENTRY--TOPICAL TERM
Source of heading or term armarc
Topical term or geographic name entry element Arquitectura barroca
Geographic subdivision México
650 #7 - SUBJECT ADDED ENTRY--TOPICAL TERM
Source of heading or term amarc
Topical term or geographic name entry element Cultura novohispana
650 #7 - SUBJECT ADDED ENTRY--TOPICAL TERM
Source of heading or term armarc
Topical term or geographic name entry element Artesanos
Geographic subdivision México
650 #7 - SUBJECT ADDED ENTRY--TOPICAL TERM
Source of heading or term armarc
Topical term or geographic name entry element Sistemas constructivos
650 #7 - SUBJECT ADDED ENTRY--TOPICAL TERM
Source of heading or term armarc
Topical term or geographic name entry element Estética
650 #7 - SUBJECT ADDED ENTRY--TOPICAL TERM
Source of heading or term armarc
Topical term or geographic name entry element Religión
650 #7 - SUBJECT ADDED ENTRY--TOPICAL TERM
Source of heading or term armarc
Topical term or geographic name entry element Virreinato
700 1# - ADDED ENTRY--PERSONAL NAME
Personal name Broca Castillo, Abraham,
Dates associated with a name colaborador
700 1# - ADDED ENTRY--PERSONAL NAME
Personal name Márquez Murad, Juan Manuel,
Dates associated with a name colaborador
700 1# - ADDED ENTRY--PERSONAL NAME
Personal name Orozco Velázquez, Verónica Lorena,
Dates associated with a name colaborador
700 1# - ADDED ENTRY--PERSONAL NAME
Personal name Salazar Exaie, Celia,
Dates associated with a name colaborador
700 1# - ADDED ENTRY--PERSONAL NAME
Personal name Velázquez Thierry, Luz de Lourdes,
Dates associated with a name coordinador
942 ## - ADDED ENTRY ELEMENTS (KOHA)
Source of classification or shelving scheme Dewey Decimal Classification
Koha item type Libro
Suppress in OPAC 724.160972
Classification part 724.160972
Item part I85
Existencias
Withdrawn status Lost status Source of classification or shelving scheme Damaged status Not for loan Collection code Home library Current library Shelving location Date acquired Source of acquisition Cost, normal purchase price Total Checkouts Full call number Barcode Date last seen Cost, replacement price Price effective from Koha item type
    Dewey Decimal Classification     General Biblioteca Karol Wojtyla Biblioteca Karol Wojtyla Sala general 03/12/2013 Donación 0.00   724.160972 I85 2020 45839 05/01/2026 0.00 03/12/2013 Libro